000 01863nam0a2200361 4500
001 RU\NLR\BIBL_A\011783192
005 20180924170219.0
010 _a978-5-17-110304-0
_92000
021 _aRU
_bАЛ-П-18-00448и
_9АЛ-П-18-0083
035 _a(NLR Aleph) 011783192
035 _a(RuMoRGB)009722233
090 _a11787509
_c11787509
100 _a20180906d2018 e y0rusy50 ca
101 1 _arus
_ceng
102 _aRU
105 _aa|||t|||000ay
200 1 _aИгра престолов
_eграфический роман
_fДжордж Р. Р. Мартин
_gадаптация - Дэниел Абрахам
_g[перевод с английского Анны Синицкой]
_gхудожник Томми Паттерсон
210 _aМосква
_cАСТ
_d2018
215 _a368, [96] с.
_cил., цв. ил.
_d27
300 _aНа 4-й с. обл.: Прочитаны книги цикла "Песнь Льда и Пламени", просмотрен популяр. сериал, снятый по эпической фэнтези-саге Джорджа Р.Р. Мартина
333 _a18+
488 0 _12001#$aПеснь Льда и Пламени$eцикл
_tПеснь Льда и Пламени
500 1 0 _7ca
_aИгра престолов
_lТелесериал
_92637432
_3RU\NLR\AUTH\5506459
686 1 _aШ6(7США)67-440.4комикс{Лх1979-50комикс}
686 1 _aЩ153(7США)65-475
702 1 _4570
_7ca
_8rus
_aМартин
_bД. Р. Р.
_f1948-
_gДжордж Рэймонд Ричард
_914559
_3RU\NLR\AUTH\7731549
702 1 _4570
_aАбрахам
_bД.
_f1969-
_gДэниел
_9134577
_3RU\NLR\AUTH\770134611
702 1 _aПаттерсон
_bТ.
_gТомми
_4040
942 _cBOOK
980 _aNBR
980 _aNB